[Event "Chigorin Memorial 17th"]
[White "Trushelyov, Victor"]
[Black "Vunder, Andrei"]
[Site "St Petersburg"]
[Round "6"]
[Result "1-0"]
[Date "2009.10.21"]
[WhiteElo "2396"]
[BlackElo "2246"]
[PlyCount "81"]
[EventDate "2009.10.16"]
[EventType "swiss"]
[EventRounds "9"]
[EventCountry "RUS"]
[SourceTitle "CBM 132 Extra"]
[Source "ChessBase"]
[SourceDate "2009.11.03"]
[SourceVersion "1"]
[SourceVersionDate "2009.11.03"]
[SourceQuality "1"]

1. Nf3 d5 2. c4 c6 3. e3 Nf6 4. b3 Bg4 5. Bb2 e6 6. Be2 Nbd7 7. 0-0 Bd6 8. d3 0-0 9. Nbd2 Re8 10. h3 Bh5 11. d4 Ne4 12. Nxe4 dxe4 13. Nd2 Bg6 14. Bh5 Qg5 15. Bxg6 Qxg6 16. a3 f5 17. b4 Nf6 18. Qe2 Qh6 19. Nb3 g5 20. Rad1 Rad8 21. Rd2 Re7 22. Rfd1 g4 23. d5 gxh3 24. g3 exd5 25. Bxf6 Qxf6 26. cxd5 cxd5 27. Rxd5 Ree8 28. Qb5 Rf8 29. Nd4 a6 30. Qc4 Kh8 31. Nxf5 Be7 32. Qxe4 Rxd5 33. Rxd5 Qa1+ 34. Kh2 Bf6 35. Kxh3 Qf1+ 36. Qg2 Qc4 37. Qf3 Bb2 38. Kg2 Bxa3 39. Nd6 Rxf3 40. Nxc4 Rf7 41. Nxa3 1-0

[Event "St Petersburg-ch 81st"]
[White "Lovkov, Roman"]
[Black "Trushelyov, Victor"]
[Site "St Petersburg"]
[Round "12"]
[Result "1/2-1/2"]
[Date "2009.02.28"]
[WhiteElo "2430"]
[BlackElo "2354"]
[PlyCount "22"]
[EventDate "2009.02.16"]
[EventType "tourn"]
[EventRounds "13"]
[EventCountry "RUS"]
[EventCategory "8"]
[SourceTitle "CBM 128 Extra"]
[Source "ChessBase"]
[SourceDate "2009.03.05"]
[SourceVersion "2"]
[SourceVersionDate "2009.03.25"]
[SourceQuality "1"]

1. d4 Nf6 2. Nf3 e6 3. g3 b6 4. Bg2 Bb7 5. 0-0 d5 6. b3 Nbd7 7. Bb2 c5 8. e3 Be7 9. Nbd2 0-0 10. Ne5 Qc7 11. f4 Rac8 1/2-1/2

[Event "St Petersburg-ch 81st"]
[White "Rozum, Ivan"]
[Black "Trushelyov, Victor"]
[Site "St Petersburg"]
[Round "9"]
[Result "1/2-1/2"]
[Date "2009.02.25"]
[WhiteElo "2451"]
[BlackElo "2354"]
[PlyCount "114"]
[EventDate "2009.02.16"]
[EventType "tourn"]
[EventRounds "13"]
[EventCountry "RUS"]
[EventCategory "8"]
[SourceTitle "CBM 128 Extra"]
[Source "ChessBase"]
[SourceDate "2009.03.05"]
[SourceVersion "2"]
[SourceVersionDate "2009.03.25"]
[SourceQuality "1"]

1. e4 e5 2. Nf3 Nf6 3. Nc3 Bb4 4. Nxe5 d6 5. Nd3 Bxc3 6. dxc3 Nxe4 7. Be2 0-0 8. 0-0 Nd7 9. Nf4 Ndc5 10. c4 a5 11. f3 Nf6 12. Be3 Bd7 13. Qd2 Bc6 14. Rfe1 Re8 15. Bf1 Nfd7 16. Nd5 h6 17. Bd4 Nf8 18. b3 Re6 19. Qf2 b6 20. Qg3 Ng6 21. Nf4 Rxe1 22. Rxe1 Ne5 23. Nd5 Bxd5 24. cxd5 Ng6 25. Bb5 Qg5 26. Qxg5 hxg5 27. a3 Rd8 28. g3 Kf8 29. Re3 f6 30. b4 Nd7 31. Kg2 Ne7 32. c4 Nf5 33. Re4 Nxd4 34. Rxd4 axb4 35. axb4 Ne5 36. f4 gxf4 37. gxf4 Ng6 38. Bc6 Ne7 39. Rd2 Nxc6 40. dxc6 Ra8 41. Kf3 g6 42. Ke4 Ra1 43. Kd5 Kf7 44. h4 f5 45. b5 Re1 46. Rd3 Rf1 47. h5 gxh5 48. c5 Rc1 49. cxd6 Rc5+ 50. Kd4 cxd6 51. Rh3 Ke7 52. Rxh5 Rxb5 53. Rh7+ Ke6 54. Rh6+ Ke7 55. Rh7+ Ke6 56. Rh6+ Ke7 57. Rh7+ Ke6 1/2-1/2

[Event "St Petersburg-ch 81st"]
[White "Trushelyov, Victor"]
[Black "Goganov, Aleksey"]
[Site "St Petersburg"]
[Round "8"]
[Result "1/2-1/2"]
[Date "2009.02.24"]
[WhiteElo "2354"]
[BlackElo "2385"]
[PlyCount "21"]
[EventDate "2009.02.16"]
[EventType "tourn"]
[EventRounds "13"]
[EventCountry "RUS"]
[EventCategory "8"]
[SourceTitle "CBM 128 Extra"]
[Source "ChessBase"]
[SourceDate "2009.03.05"]
[SourceVersion "2"]
[SourceVersionDate "2009.03.25"]
[SourceQuality "1"]

1. e4 e6 2. d3 c5 3. Nf3 Nc6 4. g3 d5 5. Nbd2 Nf6 6. Bg2 g6 7. 0-0 Bg7 8. exd5 Nxd5 9. Nb3 b6 10. d4 c4 11. Nbd2 1/2-1/2

[Event "St Petersburg-ch 81st"]
[White "Trushelyov, Victor"]
[Black "Solovjov, Sergey"]
[Site "St Petersburg"]
[Round "6"]
[Result "1/2-1/2"]
[Date "2009.02.22"]
[WhiteElo "2354"]
[BlackElo "2410"]
[PlyCount "111"]
[EventDate "2009.02.16"]
[EventType "tourn"]
[EventRounds "13"]
[EventCountry "RUS"]
[EventCategory "8"]
[SourceTitle "CBM 128 Extra"]
[Source "ChessBase"]
[SourceDate "2009.03.05"]
[SourceVersion "2"]
[SourceVersionDate "2009.03.25"]
[SourceQuality "1"]

1. e4 c5 2. Nf3 g6 3. d3 Bg7 4. g3 Nc6 5. Bg2 d6 6. 0-0 e6 7. c3 Nge7 8. a4 0-0 9. Be3 e5 10. Na3 f5 11. Qd2 Kh8 12. Bh6 Bxh6 13. Qxh6 Ng8 14. Qd2 f4 15. d4 cxd4 16. cxd4 Bg4 17. d5 Bxf3 18. dxc6 Bxg2 19. cxb7 Bxf1 20. bxa8Q Qxa8 21. Rxf1 Qxe4 22. Qxd6 Rf5 23. Qd1 fxg3 24. hxg3 Rh5 25. f3 Qe3+ 26. Kg2 Qh6 27. Rh1 Rxh1 28. Qxh1 Qd2+ 29. Kh3 Qxb2 30. Qe1 Nf6 31. Nc4 Qb3 32. Nxe5 Qxa4 33. Qc3 Qd1 34. g4 Qh1+ 35. Kg3 Qg1+ 36. Kh4 h6 37. Nxg6+ Kg7 38. Nf4 Qh2+ 39. Nh3 Qd6 40. Qa5 Qe7 41. Kg3 Qe3 42. Qc7+ Kf8 43. Nf2 h5 44. Qc8+ Kf7 45. Qf5 Qe1 46. Kg2 hxg4 47. Nxg4 Qe2+ 48. Kh3 Qf1+ 49. Kg3 Qg1+ 50. Kf4 Qc1+ 51. Ne3 Qd2 52. Qg5 Qh2+ 53. Kf5 Qh3+ 54. Kf4 Qh2+ 55. Kf5 Qh3+ 56. Kf4 1/2-1/2

[Event "St Petersburg-ch 81st"]
[White "Trushelyov, Victor"]
[Black "Levin, Evgeny A"]
[Site "St Petersburg"]
[Round "4"]
[Result "1/2-1/2"]
[Date "2009.02.20"]
[WhiteElo "2354"]
[BlackElo "2484"]
[PlyCount "103"]
[EventDate "2009.02.16"]
[EventType "tourn"]
[EventRounds "13"]
[EventCountry "RUS"]
[EventCategory "8"]
[SourceTitle "CBM 128 Extra"]
[Source "ChessBase"]
[SourceDate "2009.03.05"]
[SourceVersion "2"]
[SourceVersionDate "2009.03.25"]
[SourceQuality "1"]

1. e4 c5 2. Nf3 e6 3. d3 Nc6 4. g3 d5 5. Nbd2 Bd6 6. Bg2 Nge7 7. 0-0 0-0 8. Re1 Qc7 9. Nf1 f6 10. Nh4 g5 11. exd5 exd5 12. Nf3 Bg4 13. Ne3 Bh5 14. Qd2 Qd7 15. b3 Bc7 16. Qd1 Rad8 17. h3 Kh8 18. Bd2 d4 19. Nf1 Bg6 20. Qe2 Nd5 21. Qe6 Qg7 22. h4 Bf7 23. Qf5 g4 24. N3h2 h5 25. Qe4 Rfe8 26. Qf5 Ne5 27. Qe4 Qg8 28. Qf5 Qg7 29. Qe4 Nf3+ 30. Bxf3 Rxe4 31. Bxe4 Re8 32. Bg2 Qf8 33. Rxe8 Qxe8 34. Re1 Qd8 35. a4 Kg7 36. Re2 a6 37. f3 Ne3 38. Bxe3 gxf3 39. Bxf3 dxe3 40. Nxe3 b5 41. axb5 axb5 42. Nhf1 Be5 43. Kg2 Qd7 44. Be4 Be6 45. Rf2 Qa7 46. Bf5 Qa8+ 47. Kh2 Bxf5 48. Nxf5+ Kg6 49. N1e3 Qa1 50. Kg2 Qa8+ 51. Kh2 Qa1 52. Kg2 1/2-1/2

[Event "St Petersburg-ch 81st"]
[White "Trushelyov, Victor"]
[Black "Mikkelsen, Nikolaj"]
[Site "St Petersburg"]
[Round "2"]
[Result "1-0"]
[Date "2009.02.18"]
[WhiteElo "2354"]
[BlackElo "2426"]
[PlyCount "95"]
[EventDate "2009.02.16"]
[EventType "tourn"]
[EventRounds "13"]
[EventCountry "RUS"]
[EventCategory "8"]
[SourceTitle "CBM 128 Extra"]
[Source "ChessBase"]
[SourceDate "2009.03.05"]
[SourceVersion "2"]
[SourceVersionDate "2009.03.25"]
[SourceQuality "1"]

1. e4 c5 2. Nf3 g6 3. d3 Bg7 4. g3 Nc6 5. Bg2 d6 6. 0-0 e5 7. c3 Nge7 8. a3 0-0 9. b4 h6 10. Bb2 Be6 11. Nbd2 b6 12. Re1 Qd7 13. b5 Na5 14. a4 Rac8 15. c4 Nb7 16. Bc3 f5 17. a5 fxe4 18. dxe4 bxa5 19. Bxa5 Rce8 20. Bc3 Nc8 21. Qe2 Rf6 22. Rf1 Ref8 23. Ne1 g5 24. Nc2 g4 25. Ne3 h5 26. Nd5 Rh6 27. f3 Nd8 28. fxg4 Rxf1+ 29. Nxf1 Bxg4 30. Qd2 Rg6 31. Nfe3 h4 32. gxh4 Bf3 33. Kh1 Qh3 34. Qf2 Bxg2+ 35. Nxg2 Qg4 36. h5 Rh6 37. Qf5 Qxh5 38. Qxh5 Rxh5 39. Nge3 Ne6 40. Nf5 Kf7 41. Ra6 Ng5 42. Rc6 Nxe4 43. Rc7+ Kg6 44. Nxg7 Rg5 45. Be1 Nb6 46. Ne3 Kf6 47. Ne8+ Ke6 48. Bh4 1-0

[Event "St Petersburg FINEC GM 9th"]
[White "Trushelyov, Victor"]
[Black "Savchenko, Stanislav"]
[Site "St Petersburg"]
[Round "9"]
[Result "1/2-1/2"]
[Date "2009.02.04"]
[WhiteElo "2354"]
[BlackElo "2571"]
[PlyCount "22"]
[EventDate "2009.01.28"]
[EventType "tourn"]
[EventRounds "9"]
[EventCountry "RUS"]
[EventCategory "8"]
[SourceTitle "CBM 128 Extra"]
[Source "ChessBase"]
[SourceDate "2009.03.05"]
[SourceVersion "2"]
[SourceVersionDate "2009.03.25"]
[SourceQuality "1"]

1. c4 e5 2. Nc3 Nf6 3. Nf3 Nc6 4. g3 Bb4 5. Bg2 0-0 6. 0-0 e4 7. Ne1 Bxc3 8. dxc3 h6 9. Nc2 d6 10. Ne3 Re8 11. Qc2 a5 1/2-1/2

[Event "St Petersburg FINEC GM 9th"]
[White "Trushelyov, Victor"]
[Black "Khakimov, Timur"]
[Site "St Petersburg"]
[Round "6"]
[Result "1-0"]
[Date "2009.02.01"]
[WhiteElo "2354"]
[BlackElo "2310"]
[PlyCount "59"]
[EventDate "2009.01.28"]
[EventType "tourn"]
[EventRounds "9"]
[EventCountry "RUS"]
[EventCategory "8"]
[SourceTitle "CBM 128 Extra"]
[Source "ChessBase"]
[SourceDate "2009.03.05"]
[SourceVersion "2"]
[SourceVersionDate "2009.03.25"]
[SourceQuality "1"]

1. e4 e5 2. Bc4 Nf6 3. Nc3 Nc6 4. d3 Be7 5. f4 exf4 6. Bxf4 d6 7. Nf3 Be6 8. Bb3 Bxb3 9. axb3 0-0 10. 0-0 Qd7 11. Qd2 d5 12. exd5 Nxd5 13. Nxd5 Qxd5 14. c4 Bc5+ 15. Be3 Bxe3+ 16. Qxe3 Qd6 17. d4 a6 18. Rae1 b5 19. d5 Nb4 20. Qc3 bxc4 21. bxc4 c5 22. Re4 Rae8 23. Rfe1 Rxe4 24. Rxe4 f6 25. Qe3 Rb8 26. Re6 Qd7 27. b3 Rc8 28. h4 a5 29. h5 a4 30. Re7 1-0

[Event "St Petersburg FINEC GM 9th"]
[White "Matlakov, Maxim"]
[Black "Trushelyov, Victor"]
[Site "St Petersburg"]
[Round "3"]
[Result "1/2-1/2"]
[Date "2009.01.30"]
[WhiteElo "2487"]
[BlackElo "2354"]
[PlyCount "113"]
[EventDate "2009.01.28"]
[EventType "tourn"]
[EventRounds "9"]
[EventCountry "RUS"]
[EventCategory "8"]
[SourceTitle "CBM 128 Extra"]
[Source "ChessBase"]
[SourceDate "2009.03.05"]
[SourceVersion "2"]
[SourceVersionDate "2009.03.25"]
[SourceQuality "1"]

1. e4 e5 2. Nf3 Nf6 3. d4 Nxe4 4. Bd3 d5 5. dxe5 Nc6 6. 0-0 Nc5 7. Be2 Be7 8. Be3 0-0 9. Nc3 Be6 10. Qc1 Ne4 11. Nb5 Bg4 12. h3 Bxf3 13. gxf3 Ng5 14. f4 Ne6 15. f5 Ng5 16. Kh2 a6 17. Nd4 Nxd4 18. Bxd4 f6 19. e6 c5 20. Be3 d4 21. Bf4 Qd5 22. Bg4 g6 23. fxg6 hxg6 24. c4 Qc6 25. Rg1 Kg7 26. Rg3 Rh8 27. Kg1 Ne4 28. Rg2 Rag8 29. Qc2 Ng5 30. Re1 Rf8 31. Qd3 Rh4 32. Bxg5 fxg5 33. Re5 Qd6 34. Rd5 Qf4 35. Rd7 Re8 36. Rg3 Rh7 37. Rf3 Qe5 38. Rf7+ Kh6 39. Qf3 Rxf7 40. exf7 Rf8 41. Qd5 Qe1+ 42. Kg2 Kg7 43. Be6 Bf6 44. Rxb7 d3 45. Bg4 Bd4 46. Qf3 d2 47. Qe2 Rxf7 48. Rxf7+ Kxf7 49. Qf3+ Kg7 50. b3 a5 51. a4 Bf6 52. Qb7+ Kh6 53. Qf3 Qe5 54. Qd3 Qf4 55. Qf3 Qd6 56. Qd5 Qf4 57. Qf3 1/2-1/2

[Event "Peterhof"]
[White "Brodsky, Michail"]
[Black "Trushelyov, Victor"]
[Site "Peterhof"]
[Round "9"]
[Result "1/2-1/2"]
[Date "2009.01.20"]
[WhiteElo "2518"]
[BlackElo "2354"]
[PlyCount "97"]
[EventDate "2009.01.12"]
[EventType "tourn"]
[EventRounds "9"]
[EventCountry "RUS"]
[EventCategory "8"]
[SourceTitle "CBM 128 Extra"]
[Source "ChessBase"]
[SourceDate "2009.03.05"]
[SourceVersion "2"]
[SourceVersionDate "2009.03.25"]
[SourceQuality "1"]

1. Nf3 Nf6 2. c4 e6 3. g3 b6 4. Bg2 Bb7 5. d4 Bb4+ 6. Bd2 Qe7 7. 0-0 Bxd2 8. Qxd2 d6 9. Re1 Nbd7 10. Qc2 0-0 11. Nc3 e5 12. e4 a5 13. d5 Nh5 14. a3 g6 15. b4 Ng7 16. Rad1 Ba6 17. Ne2 Rfb8 18. Nd2 axb4 19. axb4 b5 20. cxb5 Bxb5 21. Nc3 Ne8 22. Rb1 Ndf6 23. Bf1 Bxf1 24. Rxf1 h5 25. h4 Qd7 26. Kg2 Nh7 27. Nc4 Nef6 28. b5 Qe7 29. Ne3 Nd7 30. Na4 Ra7 31. Rb4 Nhf6 32. Rfb1 Ne8 33. Nf1 Qd8 34. Ne3 Kh7 35. Nb2 Nc5 36. Nd3 Nxd3 37. Qxd3 Nf6 38. Nc4 Nd7 39. Qe3 Nb6 40. Rc1 Ra2 41. Nxb6 Rxb6 42. Qb3 Ra7 43. Rc6 Qb8 44. Qc4 Rab7 45. Rxb6 Rxb6 46. Rb2 Kg7 47. Rb3 Qb7 48. Rb2 Qb8 49. Rb3 1/2-1/2

[Event "Peterhof"]
[White "Trushelyov, Victor"]
[Black "Khusenkhojaev, Muhammad"]
[Site "Peterhof"]
[Round "6"]
[Result "1/2-1/2"]
[Date "2009.01.18"]
[WhiteElo "2354"]
[BlackElo "2373"]
[PlyCount "86"]
[EventDate "2009.01.12"]
[EventType "tourn"]
[EventRounds "9"]
[EventCountry "RUS"]
[EventCategory "8"]
[SourceTitle "CBM 128 Extra"]
[Source "ChessBase"]
[SourceDate "2009.03.05"]
[SourceVersion "2"]
[SourceVersionDate "2009.03.25"]
[SourceQuality "1"]

1. d4 Nf6 2. c4 g6 3. Nc3 Bg7 4. e4 d6 5. Nf3 0-0 6. Be2 e5 7. Be3 Nc6 8. 0-0 Bg4 9. d5 Ne7 10. b4 Nd7 11. Qd2 Nb6 12. c5 Bxf3 13. cxb6 Bxe2 14. bxc7 Qxc7 15. Nxe2 f5 16. Rac1 Qd7 17. f3 a6 18. Bg5 Bf6 19. Bxf6 Rxf6 20. Ng3 Rff8 21. Qd3 f4 22. Nh1 Rac8 23. Nf2 Rxc1 24. Rxc1 Rc8 25. Rc3 Rxc3 26. Qxc3 Qc8 27. Qxc8+ Nxc8 28. Nd1 Na7 29. Nc3 Nb5 30. Nxb5 axb5 31. g4 h6 32. h4 g5 33. hxg5 hxg5 34. Kf2 Kf7 35. Ke2 Ke7 36. Kd3 Kd7 37. Kc3 Kc7 38. Kb3 Kb6 39. Kc3 Ka6 40. Kb3 Kb6 41. Kc3 Ka6 42. Kb3 b6 43. a4 Kb7 1/2-1/2

[Event "Peterhof-B"]
[White "Trushelyov, Victor"]
[Black "Savchenko, Stanislav"]
[Site "Peterhof"]
[Round "11"]
[Result "1/2-1/2"]
[Date "2009.01.10"]
[WhiteElo "2354"]
[BlackElo "2572"]
[PlyCount "74"]
[EventDate "2009.01.03"]
[EventType "tourn"]
[EventRounds "11"]
[EventCountry "RUS"]
[EventCategory "7"]
[SourceTitle "CBM 128 Extra"]
[Source "ChessBase"]
[SourceDate "2009.03.05"]
[SourceVersion "2"]
[SourceVersionDate "2009.03.25"]
[SourceQuality "1"]

1. e4 c5 2. Nf3 e6 3. d3 Nc6 4. g3 g6 5. Bg5 f6 6. Be3 d5 7. exd5 exd5 8. Bg2 d4 9. Bc1 Qe7+ 10. Qe2 Qxe2+ 11. Kxe2 Kf7 12. Nbd2 Be6 13. a3 Re8 14. Re1 Bh3+ 15. Kf1 Bxg2+ 16. Kxg2 Rxe1 17. Nxe1 Nge7 18. Ne4 Nd5 19. Nf3 Be7 20. Bh6 g5 21. h4 g4 22. Ne1 f5 23. c4 Nc7 24. Bf4 Ne6 25. Ng5+ Nxg5 26. hxg5 Kg6 27. Nc2 Bxg5 28. Bd6 Be7 29. Re1 Kf7 30. Bxe7 Nxe7 31. b4 b6 32. Na1 cxb4 33. axb4 Nc6 34. Nc2 Rd8 35. b5 Ne7 36. Nb4 Rd7 37. f3 h5 1/2-1/2

[Event "Peterhof-B"]
[White "Trushelyov, Victor"]
[Black "Fedoseev, Vladimir1"]
[Site "Peterhof"]
[Round "6"]
[Result "1/2-1/2"]
[Date "2009.01.06"]
[WhiteElo "2354"]
[BlackElo "2203"]
[PlyCount "196"]
[EventDate "2009.01.03"]
[EventType "tourn"]
[EventRounds "11"]
[EventCountry "RUS"]
[EventCategory "7"]
[SourceTitle "CBM 128 Extra"]
[Source "ChessBase"]
[SourceDate "2009.03.05"]
[SourceVersion "2"]
[SourceVersionDate "2009.03.25"]
[SourceQuality "1"]

1. e4 c5 2. Nf3 d6 3. Bb5+ Nc6 4. 0-0 Bd7 5. Re1 Nf6 6. c3 a6 7. Bf1 Bg4 8. h3 Bxf3 9. Qxf3 g6 10. a4 Bg7 11. Na3 0-0 12. Nc2 Nd7 13. d3 b5 14. Bd2 Qb6 15. axb5 axb5 16. Ne3 e6 17. Ng4 Rxa1 18. Rxa1 h5 19. Ne3 b4 20. Nc4 Qb8 21. Bf4 Nde5 22. Nxe5 Nxe5 23. Qd1 bxc3 24. bxc3 Qb2 25. Qc1 Qb3 26. d4 cxd4 27. cxd4 Nd3 28. Bxd3 Qxd3 29. Bxd6 Bxd4 30. Qd1 Qxe4 31. Ra4 e5 32. Bxf8 Kxf8 33. Ra2 g5 34. Re2 Qh4 35. Qd3 g4 36. Qe4 Qg5 37. hxg4 hxg4 38. g3 Qh5 39. Rc2 Qh3 40. Qd3 Kg7 41. Rc7 Qh5 42. Rc1 Qg5 43. Qa3 Qf6 44. Rc2 Qf5 45. Re2 Qb1+ 46. Kg2 Qb7+ 47. Kh2 Qb6 48. Qa4 Qh6+ 49. Kg1 Qc1+ 50. Kg2 Qh6 51. Qa3 Qc6+ 52. Kg1 Qc4 53. Ra2 Qd5 54. Re2 Qb5 55. Kf1 Qc4 56. Qa8 Qc1+ 57. Kg2 Qh6 58. Kg1 Qe6 59. Qe4 Qd7 60. Kg2 Qe6 61. f3 gxf3+ 62. Qxf3 Qg6 63. Re4 f5 64. Rh4 Kf6 65. Qd5 f4 66. Qd6+ Kf7 67. Qd7+ Kf6 68. Qc6+ Kf7 69. Qb7+ Kf6 70. Qa6+ Kf7 71. Qc4+ Kf6 72. Qc6+ Kf7 73. Qd7+ Kf6 74. Rxf4+ exf4 75. Qxd4+ Ke7 76. Qxf4 Qc6+ 77. Kh3 Qh1+ 78. Kg4 Qd1+ 79. Kg5 Qd5+ 80. Kh6 Qh1+ 81. Kg6 Qc6+ 82. Kg5 Qd5+ 83. Qf5 Qd2+ 84. Qf4 Qd5+ 85. Kg6 Qc6+ 86. Kh5 Qc2 87. g4 Qh7+ 88. Qh6 Qf7+ 89. Qg6 Qf3 90. Kh6 Qh3+ 91. Qh5 Qc3 92. Kh7 Qd3+ 93. Qg6 Qh3+ 94. Kg8 Qb3+ 95. Kh8 Qb8+ 96. Kh7 Qh2+ 97. Qh6 Qc2+ 98. Qg6 Qh2+ 1/2-1/2

[Event "Peterhof-B"]
[White "Trushelyov, Victor"]
[Black "Kosov, Ivan"]
[Site "Peterhof"]
[Round "2"]
[Result "0-1"]
[Date "2009.01.04"]
[WhiteElo "2354"]
[BlackElo "2383"]
[PlyCount "82"]
[EventDate "2009.01.03"]
[EventType "tourn"]
[EventRounds "11"]
[EventCountry "RUS"]
[EventCategory "7"]
[SourceTitle "CBM 128 Extra"]
[Source "ChessBase"]
[SourceDate "2009.03.05"]
[SourceVersion "2"]
[SourceVersionDate "2009.03.25"]
[SourceQuality "1"]

1. c4 c5 2. g3 Nc6 3. Bg2 g6 4. Nc3 Bg7 5. e3 e5 6. Nge2 Nge7 7. b3 d6 8. Bb2 0-0 9. Nd5 Nxd5 10. cxd5 Ne7 11. 0-0 Bg4 12. h3 Bd7 13. f4 Qb6 14. fxe5 dxe5 15. Kh2 Nf5 16. Rc1 Rac8 17. Nc3 Nd6 18. d3 Qa6 19. Rf2 f5 20. Qc2 b5 21. Ne2 Qb6 22. Qd2 Rfe8 23. Rff1 Bh6 24. Ng1 Re7 25. Rce1 b4 26. Qc2 Bb5 27. Rf2 e4 28. dxe4 Nxe4 29. Bxe4 Rxe4 30. Rf3 c4 31. Bd4 Qd6 32. bxc4 Rxc4 33. Qd1 Qxd5 34. Ne2 a5 35. Nf4 Bxf4 36. Rxf4 Rxf4 37. gxf4 Qe4 38. Kg3 Rc2 39. Be5 Rg2+ 40. Kh4 g5+ 41. Kh5 Be2+ 0-1

[Event "Moscow Pripis Memorial"]
[White "Trushelyov, Victor"]
[Black "Kostic, Filip"]
[Site "Moscow"]
[Round "10"]
[Result "1/2-1/2"]
[Date "2008.11.??"]
[WhiteElo "2340"]
[BlackElo "2298"]
[PlyCount "77"]
[EventDate "2008.11.??"]
[EventType "tourn"]
[EventRounds "11"]
[EventCountry "RUS"]
[EventCategory "3"]
[SourceTitle "EXT 2010"]
[Source "ChessBase"]
[SourceDate "2010.11.25"]
[SourceVersion "1"]
[SourceVersionDate "2010.11.25"]
[SourceQuality "1"]

1. e4 d5 2. exd5 Nf6 3. Bb5+ Bd7 4. Bc4 Bg4 5. Nf3 Nxd5 6. Nc3 e6 7. h3 Bh5 8. 0-0 Be7 9. Ne4 0-0 10. Ng3 Bg6 11. Ne5 c5 12. Nxg6 hxg6 13. d3 Nc6 14. Re1 Na5 15. Bb3 Nxb3 16. axb3 Qc7 17. Ne4 b6 18. Bg5 Bxg5 19. Nxg5 Qf4 20. Nf3 Rfd8 21. Ne5 Nb4 22. Re3 Rd5 23. Qe2 Nxc2 24. Nxg6 Qf6 25. Qxc2 Qxg6 26. Ra4 Rg5 27. g3 Rh5 28. Qe2 Qf5 29. g4 Qg6 30. d4 b5 31. Qxb5 cxd4 32. Qxh5 Qb1+ 33. Kg2 dxe3 34. Rf4 f6 35. g5 fxg5 36. Qf7+ Kh8 37. Qh5+ Kg8 38. Qf7+ Kh8 39. Qh5+ 1/2-1/2

[Event "Chigorin Memorial 16th"]
[White "Gubajdullin, Alexey"]
[Black "Trushelyov, Victor"]
[Site "St Petersburg"]
[Round "8"]
[Result "0-1"]
[Date "2008.10.10"]
[WhiteElo "2462"]
[BlackElo "2340"]
[PlyCount "119"]
[EventDate "2008.10.03"]
[EventType "swiss"]
[EventRounds "9"]
[EventCountry "RUS"]
[SourceTitle "CBM 126 Extra"]
[Source "ChessBase"]
[SourceDate "2008.11.05"]
[SourceVersion "1"]
[SourceVersionDate "2008.11.05"]
[SourceQuality "1"]

1. Nf3 Nf6 2. c4 e6 3. g3 b6 4. Bg2 Bb7 5. b3 d5 6. Bb2 Be7 7. 0-0 0-0 8. e3 Nbd7 9. Nc3 dxc4 10. bxc4 Ne4 11. Qc2 Nxc3 12. Bxc3 Nc5 13. d4 Be4 14. Qd1 Nb7 15. Ne5 Bxg2 16. Kxg2 Bf6 17. Nc6 Qd7 18. Qf3 Rfc8 19. Rac1 Nd8 20. d5 Bxc3 21. Rxc3 Nxc6 22. dxc6 Qe7 23. Rd1 Rd8 24. Rd7 Rxd7 25. cxd7 Rd8 26. Rd3 Qc5 27. Qe4 a5 28. Kg1 h6 29. Qh4 f6 30. Qe4 Kf7 31. h4 f5 32. Qf3 Ke7 33. Qd1 Qxc4 34. Rd2 Qc6 35. Qa1 Kf7 36. Qd1 b5 37. Kh2 b4 38. Rd4 Ke7 39. Qa1 Qc2 40. Kg1 c5 41. Rf4 Qc3 42. Qf1 Rxd7 43. g4 Qd3 44. Qg2 g5 45. Rf3 Qe4 46. hxg5 hxg5 47. Kh2 Qxg4 48. Rg3 Qe4 49. Qf1 g4 50. Qa1 e5 51. Qc1 Kf6 52. Rg2 c4 53. f4 c3 54. Qe1 Rh7+ 55. Kg1 exf4 56. Qd1 Qxe3+ 57. Rf2 Qb6 58. Kg2 Rh2+ 59. Kxh2 Qxf2+ 60. Kh1 0-1

[Event "Champions Challenge 173rd"]
[White "Trushelyov, Victor"]
[Black "Walentukiewicz, Michal"]
[Site "Playchess.com INT"]
[Round "1.1"]
[Result "0-1"]
[Date "2006.11.18"]
[WhiteElo "2340"]
[BlackElo "2182"]
[PlyCount "88"]
[EventDate "2006.11.18"]
[EventType "k.o. (blitz)"]
[EventRounds "5"]
[EventCountry "GER"]
[SourceTitle "EXT 2008"]
[Source "ChessBase"]
[SourceDate "2007.11.25"]
[SourceVersion "1"]
[SourceVersionDate "2007.11.25"]
[SourceQuality "1"]

1. e4 c5 2. Nf3 d6 3. d4 cxd4 4. Nxd4 Nf6 5. Nc3 a6 6. Be3 g6 7. Nb3 Bg7 8. Qd2 0-0 9. Bh6 b5 10. Bxg7 Kxg7 11. f3 Bb7 12. Be2 Nbd7 13. 0-0 Nc5 14. Rad1 Nxb3 15. axb3 Qb6+ 16. Kh1 Rfc8 17. Qf4 b4 18. Na4 Qa5 19. Bd3 Bc6 20. Ra1 Bb5 21. e5 dxe5 22. Qxe5 Qc7 23. Qxc7 Rxc7 24. c4 bxc3 25. Bxb5 axb5 26. Nxc3 Rxa1 27. Rxa1 b4 28. Na4 Rc2 29. h3 Nd5 30. Rd1 Nf4 31. Rd4 Nxg2 32. Rxb4 Ne1 33. Kg1 Nxf3+ 34. Kf1 e5 35. Rb7 h5 36. b4 g5 37. Nc3 g4 38. hxg4 hxg4 39. Ne4 Rxb2 40. Ng3 Kg6 41. b5 f5 42. b6 f4 43. Ne2 Nd4 44. Nc3 g3 0-1

[Event "St Petersburg Rector Cup"]
[White "Mihajlovskij, Sergei"]
[Black "Trushelyov, Victor"]
[Site "St Petersburg"]
[Round "2"]
[Result "1-0"]
[Date "2006.06.27"]
[WhiteElo "2414"]
[BlackElo "2358"]
[PlyCount "93"]
[EventDate "2006.06.26"]
[EventType "tourn"]
[EventRounds "9"]
[EventCountry "RUS"]
[EventCategory "10"]
[SourceTitle "CBM 112 Extra"]
[Source "ChessBase"]
[SourceDate "2006.07.14"]
[SourceVersion "1"]
[SourceVersionDate "2006.07.14"]
[SourceQuality "1"]

1. d4 Nf6 2. Nf3 e6 3. Bg5 d5 4. e3 c5 5. c3 Nc6 6. Nbd2 Be7 7. Bd3 h6 8. Bh4 0-0 9. 0-0 b6 10. Ne5 Nxe5 11. dxe5 Nd7 12. Bxe7 Qxe7 13. f4 Bb7 14. Qh5 Rfd8 15. Rae1 Nf8 16. Nf3 d4 17. exd4 Bxf3 18. Qxf3 cxd4 19. cxd4 Rac8 20. Qf2 Rc7 21. Rd1 Qb4 22. a3 Qb3 23. f5 exf5 24. Bxf5 Ne6 25. Rd3 Qd5 26. Rfd1 Rc4 27. h3 a5 28. b3 Rxd4 29. Bxe6 Rxd3 30. Qxf7+ Kh8 31. Bxd5 Rxd1+ 32. Kh2 R8xd5 33. Qf8+ Kh7 34. Qf5+ Kh8 35. Qc8+ Kh7 36. Qc6 Rc5 37. Qe4+ Kg8 38. e6 Rd8 39. Qb7 Rf8 40. Qxb6 Re5 41. Qc7 Rxe6 42. Qxa5 Rff6 43. Qd5 Kf8 44. b4 Rd6 45. Qc5 Ke8 46. b5 Rd2 47. Qe3+ 1-0

[Event "Moscow Pipris Memorial"]
[White "Trushelyov, Victor"]
[Black "Bagirov, Rufat"]
[Site "Moscow"]
[Round "?"]
[Result "1/2-1/2"]
[Date "2006.05.??"]
[WhiteElo "2362"]
[BlackElo "2477"]
[PlyCount "63"]
[EventDate "2006.05.24"]
[EventType "tourn"]
[EventRounds "11"]
[EventCountry "RUS"]
[EventCategory "7"]
[SourceTitle "EXT 2008"]
[Source "ChessBase"]
[SourceDate "2007.11.25"]
[SourceVersion "1"]
[SourceVersionDate "2007.11.25"]
[SourceQuality "1"]

1. e4 Nf6 2. Nc3 d5 3. exd5 Nxd5 4. Bc4 c6 5. Nge2 g6 6. 0-0 Bg7 7. d4 0-0 8. Nxd5 cxd5 9. Bd3 Nc6 10. c3 e5 11. dxe5 Nxe5 12. Bc2 Bg4 13. h3 Be6 14. Nd4 Nc6 15. Be3 Qf6 16. f4 Bd7 17. Nxc6 bxc6 18. Bd4 Qd6 19. f5 Rfe8 20. f6 Bh6 21. Qf3 a5 22. h4 Re6 23. Rae1 Rae8 24. Rxe6 Rxe6 25. Qf2 Bf8 26. h5 c5 27. hxg6 hxg6 28. Bxg6 cxd4 29. Bh7+ Kxh7 30. Qf5+ Kg8 31. Qg4+ Kh7 32. Qh5+ 1/2-1/2